| 000 | 01168nam a2200349 c 4500 | ||
|---|---|---|---|
| 003 | BLK | ||
| 005 | 20240726154846.0 | ||
| 008 | 180409b bul|||||r ||||||| ||bul|| | ||
| 010 | _aKNG00100593000 | ||
| 020 | _a954-579-142-Х | ||
| 040 | _aBLK | ||
| 041 |
_aBUL _cBUL |
||
| 080 |
_aБългарска литература _b821.163.2 _x-93-34 _z821.163.2-93-34 |
||
| 100 |
_aСтоева, Христина Димитрова _eпърви автор _9365347 _d1931- |
||
| 139 |
_aСтоева, Христина Димитрова _bС 77 |
||
| 245 | 1 | 0 |
_aЛегенди и предания за Левски _cХристина Стоева. |
| 257 | _aBGR | ||
| 260 |
_bСлавена _c2001 |
||
| 300 |
_a116 с. _c20 см |
||
| 380 | _aX | ||
| 500 | _aВ карето авт. Христиана Стоева. | ||
| 653 | _aВасил Левски | ||
| 653 | _aпредания | ||
| 653 | _aлегенди | ||
| 852 | _aЦб 210978 | ||
| 856 | 4 | _qpdf | |
| 856 | 4 | _qpdf | |
| 942 |
_cKNG _n0 _08 |
||
| 944 |
_aCR _c01.01.2001 _lЛиляна Коева _k30532 |
||
| 944 |
_aED _c17.04.2015 _lф / _kЛюдмила_Стоянова |
||
| 999 |
_c95730 _d95730 |
||
| 999 | _d95730 | ||